Der Untergang des Abendlandes (Record no. 5935)
[ view plain ]
| 000 -CABECERA | |
|---|---|
| campo de control de longitud fija | 00761nam a2200241 a 4500 |
| 001 - NÚMERO DE CONTROL | |
| campo de control | BRCA_6248 |
| 005 - FECHA Y HORA DE LA ÚLTIMA TRANSACCIÓN | |
| campo de control | 20190320205402.0 |
| 008 - DATOS DE LONGITUD FIJA--INFORMACIÓN GENERAL | |
| campo de control de longitud fija | 210711s1927----gw-c######---#000-0#ger-# |
| 041 ## - CÓDIGO DE LENGUA | |
| Código de lengua del texto/banda sonora o título independiente | ger |
| 044 ## - CÓDIGO DEL PAÍS DE LA ENTIDAD EDITORA/PRODUCTORA | |
| Código MARC del país | gw |
| 050 #4 - SIGNATURA TOPOGRÁFICA DE LA BIBLIOTECA DEL CONGRESO | |
| Número de clasificación | CB83 |
| Número de documento/Ítem | .S64 1927 |
| 100 1# - ENTRADA PRINCIPAL--NOMBRE DE PERSONA | |
| Nombre de persona | Spengler, Oswald |
| Fechas asociadas al nombre | 1880-1936 |
| 9 (RLIN) | 15691 |
| 245 10 - MENCIÓN DE TÍTULO | |
| Título | Der Untergang des Abendlandes |
| Resto del título | Umrisse einer morphologie der weltgeschichte |
| Mención de responsabilidad, etc. | Oswald Spengler. |
| 260 ## - PUBLICACIÓN, DISTRIBUCIÓN, ETC. | |
| Lugar de publicación, distribución, etc. | Múnich |
| Nombre del editor, distribuidor, etc. | C. H. Beck´schen |
| Fecha de publicación, distribución, etc. | 1927 |
| 300 ## - DESCRIPCIÓN FÍSICA | |
| Extensión | 2 v. |
| Otras características físicas | il., retratos |
| Dimensiones | 24 cm. |
| 500 ## - NOTA GENERAL | |
| Nota general | Edición con cantos dorados |
| 500 ## - NOTA GENERAL | |
| Nota general | Con firma de Franz Mayer |
| 500 ## - NOTA GENERAL | |
| Nota general | K108 |
| 505 0# - NOTA DE CONTENIDO CON FORMATO | |
| Nota de contenido con formato | Contenido: v. 1 Gestalt und wirklichkeit.-- v. 2 Welthistorische Perspektive. |
| 650 14 - PUNTO DE ACCESO ADICIONAL DE MATERIA--TÉRMINO DE MATERIA | |
| Término de materia o nombre geográfico como elemento de entrada | Civilización |
| 9 (RLIN) | 1003 |
| 902 ## - CATALOGADOR | |
| Iniciales | GFM |
| 942 ## - ELEMENTOS DE PUNTO DE ACCESO ADICIONAL (KOHA) | |
| Fuente del sistema de clasificación o colocación | Library of Congress Classification |
| Tipo de ítem Koha | Libros |
| Estado de retiro | Estado de pérdida | Estado dañado | No para préstamo | Localización permanente | Ubicación/localización actual | Fecha de adquisición | Número de inventario | Total de préstamos | Signatura topográfica completa | Código de barras | Fecha visto por última vez | Precio válido a partir de | Tipo de ítem Koha |
|---|---|---|---|---|---|---|---|---|---|---|---|---|---|
| El ejemplar forma parte de la colección y puede ser consultado según las políticas vigentes. | Biblioteca del Museo Franz Mayer (Rogerio Casas-Alatriste) | Biblioteca del Museo Franz Mayer (Rogerio Casas-Alatriste) | 21/07/2011 | K108 | CB83 .S64 1927 (K108) | 6687 | 22/03/2019 | 22/03/2019 | Libros |